| 000 | 00786nam a2200241 a 4500 | ||
|---|---|---|---|
| 001 | 000025831 | ||
| 003 | DO-SdBNP | ||
| 005 | 20230323100828.0 | ||
| 007 | ta | ||
| 008 | 110223s1990 dr a r 000 0 spa d | ||
| 040 |
_aDO-SdBNP _bspa _cBNPHU |
||
| 082 | 4 |
_bG216d _222 |
|
| 100 | 1 |
_a García Arévalo, Manuel Antonio, _d1948- _959457 |
|
| 245 | 1 | 0 |
_aDimensión y perspectiva del quinto centenario del descubrimiento de América / _cManuel A. García Arévalo. |
| 260 |
_aSanto Domingo : _bAmigo del Hogar, _c1990. |
||
| 300 |
_a70 p. : _bil. ; _c22 cm. |
||
| 490 | 1 | _aQuinto Centenario | |
| 490 | 1 |
_aConferencia _v3 |
|
| 500 | _aIncluye notas al pie de las páginas | ||
| 590 | _aInventariado, 2023/BT | ||
| 830 | 0 |
_aQuinto Centenario ; _pConferencias _n3 _952663 |
|
| 942 |
_2ddc _cLBS1 |
||
| 999 |
_c25323 _d25323 |
||